00365 a2200109 4500001001000000005001700010008004100027245005500068100002400123773009100147999001700238ART_3975620260410162012.0260409a 10aPoblación, equidad y transformación productiva1 aBajraj, Reynaldo F.0 tRevista de la Escuela de Economía y Negociosg- Año 1, Nº 1 (mar. 1999)wREV39725 c32333d32333